| 000 | 00566cam a2200181 4500 | ||
|---|---|---|---|
| 001 | BIO000914 | ||
| 008 | 1980 spa | ||
| 020 | _a84-7214-202-7 | ||
| 035 | _aBIO000914 | ||
| 050 | 4 |
_aQK671 _bC6 1980 |
|
| 100 | 1 | _aCortés Benavides, Felipe | |
| 245 | 0 |
_aHistología vegetal básica / _cFelipe Cortés Benavides ; il. Francisco Marín Bustamante. |
|
| 260 |
_aMadrid : _bH. Blume, _c1980 |
||
| 650 | 4 |
_aBotánica _xAnatomía |
|
| 650 | 4 |
_aPlantas _xCelulas y tejidos |
|
| 700 | 1 |
_aMarín Bustamante, Francisco, _eil. |
|
| 942 |
_2lcc _cLIB |
||
| 999 |
_c112155 _d112155 |
||